Χρήμα : σύμβολα απτά στην αρχαία Ελλάδα
Αποθηκεύτηκε σε:
| Άλλοι συγγραφείς: | , , |
|---|---|
| Μορφή: | Βιβλίο |
| Γλώσσα: | Greek |
| Δημοσίευση: |
Αθήναι :
Alpha Bank ; Mουσείο Κυκλαδικής Τέχνης,
2017.
|
| Θέματα: | |
| Ετικέτες: |
Προσθήκη ετικέτας
Δεν υπάρχουν, Καταχωρήστε ετικέτα πρώτοι!
|
MARC
| LEADER | 00000cam a2200000 a 4500 | ||
|---|---|---|---|
| 001 | 1/115502 | ||
| 008 | 171124s2017####gr | ||| |||| ||gre|| | ||
| 020 | |a 9789609394451 | ||
| 040 | |a GR-MyUa |b gre |c GR-MyUa |e AACR2 | ||
| 041 | 0 | |a gre | |
| 082 | 7 | |a 737.4938 |2 (23) | |
| 245 | 0 | 0 | |a Χρήμα : |b σύμβολα απτά στην αρχαία Ελλάδα / |c επιμέλεια: Χρ. Σταμπολίδης, Δήμητρα Τσαγκάρη, Γιώργος Τασούλας. |
| 260 | |a Αθήναι : |b Alpha Bank ; |b Mουσείο Κυκλαδικής Τέχνης, |c 2017. | ||
| 300 | |a 396 σ. : |b έγχρ. εικ., χάρτ. ; |c 30 εκ. | ||
| 500 | |a Εκδόθηκε με την ευκαιρία της ομότιτλης εκθέσεως που διοργανώθηκε από το Μουσείο Κυκλαδικής Τέχνης και τη νομισματική συλλογή της Alpha Bank και παρουσιάσθηκε στο Μουσείο Κυκλαδικής Τέχνης κατά το χρονικό διάστημα από 2 Νοεμβρίου 2017 έως 15 Απριλίου 2018. | ||
| 504 | |a Βιβλιογραφία : σ. 380 - 396. | ||
| 504 | |a Περιέχει βραχυγραφίες. | ||
| 650 | 0 | |a Numismatics |z Greece. | |
| 650 | 0 | |a Coins, Greek. | |
| 650 | 0 | |a Coins, Ancient |z Greece. | |
| 650 | 0 | |a Coins |x History. | |
| 650 | 0 | |a Coins, Greek |z Greece |x Exhibitions. | |
| 650 | 0 | |a Coins, Greek |z Greece |z Athens |x Catalogs. | |
| 651 | 0 | |a Greece |x Economic conditions. | |
| 651 | 0 | |a Greece |x Economic policy. | |
| 700 | 1 | |a Τσαγκάρη, Δήμητρα, |e edtf | |
| 700 | 0 | |a Τασούλας, Γεώργιος, |e edt | |
| 700 | 1 | |a Σταμπολίδης, Νικόλαος Χρ. |e edt | |
| 710 | 2 | |a Alpha Bank, |e pbl | |
| 710 | 2 | |a Μουσείο Κυκλαδικής Τέχνης, |e pbl | |
| 852 | |a INST |b RHODES |e 20171124 |h 737.4938 ΧΡΗ |p 005400039496 |q 005400039496 |t BK |y 0 | ||
| 970 | |z 24-11-2017 | ||